S-P-O-R-C-L-E Entertainment Images Quiz Stats

 Plays Quiz Updated Aug 6, 2015

Score 0/21 Timer 05:00
0 Plays Today
% Correct
Spider-Man
98%
Captain America
89.9%
Peter Pan
87.2%
Cats
82%
Subaru
77.5%
Porsche
72.3%
Loki
68.7%
Cadillac
68.7%
Professor X
63.1%
Little Shop of Horrors
59.7%
Elektra
59.3%
% Correct
Odin
56.2%
Rent
53.9%
Oklahoma!
53.5%
Rogue
51%
Lincoln
50.5%
Evita
47.1%
Renault
45.1%
South Pacific
32.1%
Oldsmobile
24.8%
Elfin
3.8%

You're not logged in!

Compare scores with friends on all Sporcle quizzes.
Join for Free
OR
Log In

You Might Also Like...

Show Comments

Extras

Top Quizzes Today


Score Distribution

Your Account Isn't Verified!

In order to create a playlist on Sporcle, you need to verify the email address you used during registration. Go to your Sporcle Settings to finish the process.

Report this User

Report this user for behavior that violates our Community Guidelines.

Details: